Manual de antropología / (Record no. 118628)

MARC details
000 -LEADER
campo de control de longitud fija 00562nam a2200181 i 4500
001 - NÚMERO DE CONTROL
campo de control 118628
003 - IDENTIFICADOR DE NÚMERO DE CONTROL
campo de control ES-MaACL
005 - FECHA Y HORA DE LA ÚLTIMA TRANSACCIÓN
campo de control 20250727024450.0
007 - CAMPO FIJO DE DESCRIPCIÓN FÍSICA--INFORMACIÓN GENERAL
campo de control de longitud fija t|
008 - DATOS DE LONGITUD FIJA--INFORMACIÓN GENERAL
campo de control de longitud fija 070214s1946 sp r ||||1| spa d
100 1# - ENTRADA PRINCIPAL--NOMBRE DE PERSONA
Nombre de persona Pérez de Barradas, José.
9 (RLIN) 90766
245 10 - MENCIÓN DEL TÍTULO
Título Manual de antropología /
Mención de responsabilidad, etc. José Pérez de Barradas.
260 ## - PUBLICACIÓN, DISTRIBUCIÓN, ETC.
Lugar de publicación, distribución, etc. Madrid :
Nombre del editor, distribuidor, etc. Cultura Clásica y Moderna,
Fecha de publicación, distribución, etc. 1946.
300 ## - DESCRIPCIÓN FÍSICA
Extensión XVI, 524 p. 48 láms. ;
Dimensiones 25 cm.
650 #7 - PUNTO DE ACCESO ADICIONAL DE MATERIA--TÉRMINO DE MATERIA
Término de materia o nombre geográfico como elemento de entrada Antropología física
Fuente del encabezamiento o término embne
9 (RLIN) 9893
852 ## - LOCALIZACIÓN
Ubicación ES-MaACL
Número de control de estantería B-10544
Sublocalización o colección R.22026
Holdings
Estatus retirado Estado de pérdida Estado de daño No para préstamo Biblioteca de origen Biblioteca actual Ubicación en estantería Fecha de adquisición Fuente de adquisición Total de préstamos Signatura topográfica completa Código de barras Visto por última vez Precio de reemplazo Tipo de ítem Koha
        Biblioteca del Ateneo de Madrid Biblioteca del Ateneo de Madrid Sala Pardo Bazán 17/01/2008     B-10544 1123667 23/02/2023 23/02/2023 Libro impreso